=LDR 00000nam 2200000 4500 =001 INLIS000000000037905 =005 20130612143618 =008 ***********************************Ind** =035 ##$$0010-061300000037905 =041 ##$$a Ind =082 ##$$a 635.9 =090 ##$$a 635.9, Bud b =245 ##$$a Budidaya dan pengolahan rosela, si merah segudang manfaat, Ir. Maedah, M.Si...[et.al] =260 ##$$a 2009 $b Jakarta =300 ##$$a 96 hlm, 23 cm =650 ##$$a Rosela (bunga) budidaya =850 ##$$a NBPNMAT =990 ##$$a 0001/BPAP-NTB/20142015 =990 ##$$a 0001/BPAP-NTB/20142015